ARRUPE JESUIT UNIVERSITY

CORONAVIRUS -STOP THE SPREAD - CLEAN,DISINFECT,COVER

Albert Schweitzer: Christian revolutionary, (Record no. 120151)

MARC details
000 -LEADER
fixed length control field 00688cam a2200241 4500
001 - CONTROL NUMBER
control field 975028
003 - CONTROL NUMBER IDENTIFIER
control field ARRUPE
005 - DATE AND TIME OF LATEST TRANSACTION
control field 20140221170847.0
008 - FIXED-LENGTH DATA ELEMENTS--GENERAL INFORMATION
fixed length control field 720512s1944 xx 000 0 eng u
010 ## - LIBRARY OF CONGRESS CONTROL NUMBER
LC control number 46008094
035 ## - SYSTEM CONTROL NUMBER
System control number (OCoLC)ocm00307068
035 ## - SYSTEM CONTROL NUMBER
System control number (NNC)975028
040 ## - CATALOGING SOURCE
Transcribing agency KSU
Modifying agency ZCU
099 ## - LOCAL FREE-TEXT CALL NUMBER (OCLC)
Classification number 193Sch97
-- DS
300 ## - PHYSICAL DESCRIPTION
Dimensions 20 cm.
100 1# - MAIN ENTRY--PERSONAL NAME
Personal name Seaver, George,
Dates associated with a name 1890-
9 (RLIN) 8897
245 00 - TITLE STATEMENT
Title Albert Schweitzer: Christian revolutionary,
Statement of responsibility, etc by George Seaver.
260 ## - PUBLICATION, DISTRIBUTION, ETC. (IMPRINT)
Place of publication, distribution, etc New York,
-- London,
Name of publisher, distributor, etc Harper & brothers
Date of publication, distribution, etc [1944]
300 ## - PHYSICAL DESCRIPTION
Extent 130 p.
504 ## - BIBLIOGRAPHY, ETC. NOTE
Bibliography, etc Bibliography: p. 125-127.
600 10 - SUBJECT ADDED ENTRY--PERSONAL NAME
Personal name Schweitzer, Albert,
Dates associated with a name 1875-1965.
9 (RLIN) 8898
942 ## - ADDED ENTRY ELEMENTS (KOHA)
Source of classification or shelving scheme Library of Congress Classification
Koha item type Monograph ( Printed materials)
Holdings
Withdrawn status Lost status Source of classification or shelving scheme Damaged status Not for loan Collection code Home library Current library Shelving location Date acquired Total Checkouts Full call number Barcode Date last seen Price effective from Koha item type
    Library of Congress Classification     Main Collection ARRUPE LIBRARY ARRUPE LIBRARY Main Collection 21/02/2014   CT1098.S45S443 1955 46500002102 10/10/2017 21/02/2014 Monograph ( Printed materials)

 

Arrupe Library. PO Box MP320 Mt Pleasant, Harare, Zimbabwe
263 242 745411|librarian@aju.ac.zw